| 000 | 00674nam a2200229Ia 4500 | ||
|---|---|---|---|
| 003 | OSt | ||
| 005 | 20221005124612.0 | ||
| 006 | a|||||r|||| 00| 0 | ||
| 007 | ta | ||
| 008 | 221004b |||||||| |||| 00| 0 eng d | ||
| 024 | _a59110 | ||
| 037 | _cTextual | ||
| 040 |
_aCRL _cCRL _beng |
||
| 041 |
_2eng _aeng |
||
| 082 | _aU8:2MN:N5, J4;1 | ||
| 100 |
_aHerrligkoffer Karl M _9349093 |
||
| 245 | 0 | _aNanga Parbat incorporating the official report of the expedition of 1953 tr by Eleanor Brockett and Anton Ehrenzweig. | |
| 260 | _c1954 | ||
| 650 | _aGEOGRAPHY | ||
| 942 |
_hU8:2MN:N5, J4;1 _cTEXL _2cc |
||
| 999 |
_c1050967 _d1050967 |
||